Бюджетно-налоговые инструменты стимулирования рационального и эффективного недропользования, развития нефтепереработки и нефтегазохимии (Запись № 11152221)

Подробности
000 -МАРКЕР
контрольное поле 02618nam0a2200397 4500
001 - ИДЕНТИФИКАТОР ЗАПИСИ
контрольное поле RU\NLR\BIBL_A\011951696
005 - ИДЕНТИФИКАТОР ВЕРСИИ
контрольное поле 20190403160101.0
010 ## - МЕЖДУНАРОДНЫЙ СТАНДАРТНЫЙ НОМЕР КНИГИ (ISBN)
Номер (ISBN) 978-5-6042017-4-9
Тираж 500
021 ## - НОМЕР ГОСУДАРСТВЕННОЙ РЕГИСТРАЦИИ
Код страны Российская Федерация
Номер КН-П-19-005911
Номер Листа государственной регистраци КН-П-19-0434
035 ## - ДРУГИЕ СИСТЕМНЫЕ НОМЕРА
Идентификатор записи (NLR Aleph) 011951696
035 ## - ДРУГИЕ СИСТЕМНЫЕ НОМЕРА
Идентификатор записи (RuMoRGB)009879228
100 ## - ДАННЫЕ ОБЩЕЙ ОБРАБОТКИ
Данные общей обработки 20190304d2019 k y0rusy50 ca
101 0# - ЯЗЫК РЕСУРСА
Язык текста, звукозаписи и т.д. русский
102 ## - СТРАНА ПУБЛИКАЦИИ ИЛИ ПРОИЗВОДСТВА
Страна публикации Российская Федерация
105 ## - ПОЛЕ КОДИРОВАННЫХ ДАННЫХ: ТЕКСТОВЫЕ МАТЕРИАЛЫ, МОНОГРАФИЧЕСКИЕ
Кодированные данные о монографическом текстовом документе a|||zzzz0||zy
200 1# - ЗАГЛАВИЕ И СВЕДЕНИЯ ОБ ОТВЕТСТВЕННОСТИ
Основное заглавие Бюджетно-налоговые инструменты стимулирования рационального и эффективного недропользования, развития нефтепереработки и нефтегазохимии
Сведения, относящиеся к заглавию монография
Первые сведения об ответственности [В. В. Понкратов, А. К. Караев, А. И. Мастеров и др.]
Последующие сведения об ответственности под редакцией В. В. Понкратова
-- Правительство Российской Федерации, Финансовый университет при Правительстве Российской Федерации, Департамент общественных финансов, Центр финансовой политики
210 ## - ПУБЛИКАЦИЯ, РАСПРОСТРАНЕНИЕ И ДР.
Место издания, распространения и т.д. Москва
-- Ижевск
Имя издателя, распространителя и т. д. Шелест
Дата издания, распространения и т.д. 2019
215 ## - ФИЗИЧЕСКАЯ ХАРАКТЕРИСТИКА
Специфическое обозначение материала и объем 234, [1] с.
Другие сведения о физической характеристике ил., табл.
Размеры 20
300 ## - ОБЩИЕ ПРИМЕЧАНИЯ
Текст примечания Авт. указаны на обороте тит. л.
300 ## - ОБЩИЕ ПРИМЕЧАНИЯ
Текст примечания На обл.: Финансовый университет при Правительстве Российской Федерации: 100 лет.
320 ## - ПРИМЕЧАНИЯ О НАЛИЧИИ В ДОКУМЕНТЕ БИБЛИОГРАФИИ / УКАЗАТЕЛЯ
Текст примечания Библиогр.: с.215-235 (384 назв.) и в подстроч. примеч.
606 1# - НАИМЕНОВАНИЕ ТЕМЫ КАК ПРЕДМЕТ
Наименование темы Бюджетное регулирование
Системный номер авторитетной/нормативной записи 2405505
Идентификатор авторитетной/нормативной записи RU\NLR\AUTH\6601653054
606 1# - НАИМЕНОВАНИЕ ТЕМЫ КАК ПРЕДМЕТ
Наименование темы Нефтегазовые комплексы
Тематический подзаголовок Государственное регулирование
Географический подзаголовок Российская Федерация
Системный номер авторитетной/нормативной записи 2623427
Идентификатор авторитетной/нормативной записи RU\NLR\AUTH\661559987
686 1# - ИНДЕКСЫ ДРУГИХ КЛАССИФИКАЦИЙ
Индекс У26(0)132.22
686 1# - ИНДЕКСЫ ДРУГИХ КЛАССИФИКАЦИЙ
Индекс У30(2)565.2-434-21(2Р)
701 #1 - ИМЯ ЛИЦА - АЛЬТЕРНАТИВНАЯ ОТВЕТСТВЕННОСТЬ
Начальный элемент ввода Понкратов
Часть имени, кроме начального элемента ввода В. В.
Расширение инициалов личного имени Вадим Витальевич
701 #1 - ИМЯ ЛИЦА - АЛЬТЕРНАТИВНАЯ ОТВЕТСТВЕННОСТЬ
Начальный элемент ввода Караев
Часть имени, кроме начального элемента ввода А. К.
701 #1 - ИМЯ ЛИЦА - АЛЬТЕРНАТИВНАЯ ОТВЕТСТВЕННОСТЬ
Начальный элемент ввода Мастеров
Часть имени, кроме начального элемента ввода А. И
712 02 - НАИМЕНОВАНИЕ ОРГАНИЗАЦИИ - ВТОРИЧНАЯ ОТВЕТСТВЕННОСТЬ
Код отношения Прочие
Начальный элемент ввода Финансовый университет при Правительстве Российской Федерации
Структурное подразделение Департамент общественных финансов
-- Центр финансовой политики
Идентифицирующий признак Москва
Системный номер авторитетной/нормативной записи 653561
Идентификатор авторитетной/нормативной записи RU\NLR\AUTH\880496844
942 ## - ДОПОЛНИТЕЛЬНЫЕ ЭЛЕМЕНТЫ ЗАПИСИ (АБИС)
Тип экземпляра АБИС Книга
980 ## - КОЛЛЕКЦИЯ
Название коллекции НБР
980 ## - КОЛЛЕКЦИЯ
Название коллекции Национальная библиография

Нет доступных экземпляров.